<?xml version="1.0" encoding="UTF-8"?><?xml-stylesheet type="text/xsl" href="static/style.xsl"?><OAI-PMH xmlns="http://www.openarchives.org/OAI/2.0/" xmlns:xsi="http://www.w3.org/2001/XMLSchema-instance" xsi:schemaLocation="http://www.openarchives.org/OAI/2.0/ http://www.openarchives.org/OAI/2.0/OAI-PMH.xsd"><responseDate>2026-06-01T19:56:58Z</responseDate><request verb="GetRecord" identifier="oai:riuma.uma.es:10630/44710" metadataPrefix="marc">https://riuma.uma.es/rest/oai/request</request><GetRecord><record><header><identifier>oai:riuma.uma.es:10630/44710</identifier><datestamp>2026-02-03T11:24:19Z</datestamp><setSpec>com_10630_2254</setSpec><setSpec>col_10630_37953</setSpec></header><metadata><record xmlns="http://www.loc.gov/MARC21/slim" xmlns:dcterms="http://purl.org/dc/terms/" xmlns:doc="http://www.lyncode.com/xoai" xmlns:xsi="http://www.w3.org/2001/XMLSchema-instance" xsi:schemaLocation="http://www.loc.gov/MARC21/slim http://www.loc.gov/standards/marcxml/schema/MARC21slim.xsd">
   <leader>00925njm 22002777a 4500</leader>
   <datafield ind2=" " ind1=" " tag="042">
      <subfield code="a">dc</subfield>
   </datafield>
   <datafield ind2=" " ind1=" " tag="720">
      <subfield code="a">Khamis Gutiérrez, Nadia</subfield>
      <subfield code="e">author</subfield>
   </datafield>
   <datafield ind2=" " ind1=" " tag="720">
      <subfield code="a">Ayuso-Sánchez, Luis Manuel</subfield>
      <subfield code="e">author</subfield>
   </datafield>
   <datafield ind2=" " ind1=" " tag="260">
      <subfield code="c">2022</subfield>
   </datafield>
   <datafield ind2=" " ind1=" " tag="520">
      <subfield code="a">Advanced societies are characterized by a greater incorporation of women into the labor market, with women having increasingly higher levels of education and occupying more prominent positions. This trend has resulted in growing number of households in which women earn more than their male partners. This study analyzes the presence of these women in countries with different welfare models, examining the most relevant characteristics and the impact on the family and on household management. To fulfill these objectives, we used the latest wave of the International Social Survey Programme (ISSP) Family and Changing Gender Roles IV (2012). The characteristics studied were grouped into four dimensions: country of residence, sociodemographic characteristics, egalitarian values, and the management of intimacy. Our results indicate that female primary breadwinners tend to be older and more educated than their male partners, less religious, and more likely not to have children; they have more egalitarian values and a greater tendency to manage money separately.</subfield>
   </datafield>
   <datafield ind1="8" ind2=" " tag="024">
      <subfield code="a">Khamis, N., Ayuso, L. Female Breadwinner: More Egalitarian Couples? An International Comparison. J Fam Econ Iss 43, 534–545 (2022). https://doi.org/10.1007/s10834-021-09784-2</subfield>
   </datafield>
   <datafield ind1="8" ind2=" " tag="024">
      <subfield code="a">https://hdl.handle.net/10630/44710</subfield>
   </datafield>
   <datafield ind1="8" ind2=" " tag="024">
      <subfield code="a">10.1007/s10834-021-09784-2</subfield>
   </datafield>
   <datafield tag="653" ind2=" " ind1=" ">
      <subfield code="a">Mujeres - Aspectos sociales</subfield>
   </datafield>
   <datafield tag="653" ind2=" " ind1=" ">
      <subfield code="a">Mujeres - Salarios</subfield>
   </datafield>
   <datafield tag="653" ind2=" " ind1=" ">
      <subfield code="a">Transversalidad de género</subfield>
   </datafield>
   <datafield ind2="0" ind1="0" tag="245">
      <subfield code="a">Female Breadwinner: More Egalitarian Couples? An International Comparison</subfield>
   </datafield>
</record>
</metadata></record></GetRecord></OAI-PMH>